[Event "Canadian op"]
[Site "Calgary"]
[Date "2023.07.26"]
[Round "6"]
[White "McCoshen, Ricky"]
[Black "MacLeod, Damon"]
[Result "0-1"]
[WhiteElo "1580"]
[BlackElo "1897"]
[PlyCount "72"]
[EventDate "2023.07.22"]
[EventType "swiss"]
[EventRounds "10"]
[EventCountry "CAN"]
[SourceTitle "EXT 2024"]
[Source "ChessBase"]
[SourceDate "2023.10.10"]
[SourceVersion "1"]
[SourceVersionDate "2023.10.10"]
[SourceQuality "1"]

1. d4 d5 2. c4 c6 3. Nf3 Nf6 4. Nc3 dxc4 5. a4 Bf5 6. e3 e6 7. Bxc4 Bb4 8. 0-0 0-0 9. Qe2 h6 10. Rd1 Nbd7 11. e4 Bh7 12. Bd3 Qc7 13. e5 Nd5 14. Nxd5 cxd5 15. g4 Rac8 16. g5 Bxd3 17. Rxd3 h5 18. g6 Qc2 19. Bd2 Bxd2 20. gxf7+ Rxf7 21. Nxd2 Rcf8 22. Rf1 Rf4 23. Rc3 Qxb2 24. Rc7 Nb6 25. Qxh5 Qxd2 26. Qg5 R8f7 27. Rxf7 Kxf7 28. Qh5+ Ke7 29. Qg5+ Ke8 30. Qg6+ Kf8 31. Qxe6 Qxd4 32. h3 Qxa4 33. Rc1 Qd7 34. Qd6+ Qxd6 35. exd6 Rf7 36. f4 Rd7 0-1